| 000 | 00816nam a22002177a 4500 | ||
|---|---|---|---|
| 999 |
_c13163 _d13163 |
||
| 003 | AR-CdUCM | ||
| 008 | 190411b ||||| |||| 00| 0 spa d | ||
| 040 |
_aMUNICIPALIDAD PROVINCIAL DEL CUSCO _cBIBLIOTECA MUNICIPAL DEL CUSCO |
||
| 082 |
_aC / 551 / _bL86 / 2009 |
||
| 100 |
_aLópez Pacheco, Gorki _931390 |
||
| 245 | _aGeología ambiental / | ||
| 260 |
_aCusco : _bCanta Claro, _c2009. |
||
| 300 |
_a248 paginas ; _bIlustraciones,diagramas _c21 cm. |
||
| 500 | _aUniversidad Nacional de San Antonio Abad del Cusco | ||
| 505 | _aContenido :Fundamentos básicos de la geología --Geofisica de la tierra --Geomorfologia --Geosistema ambiental --Ecología ... | ||
| 650 |
_aGeología _917044 |
||
| 650 |
_aGeomorfología _96691 |
||
| 650 |
_aEcología _94960 |
||
| 942 |
_2ddc _cLIBROS |
||
| 945 |
_arjall _d2019-04-11 |
||